000
00220 a2200097 4500
001
25688
100
_a
Iqbal, Allama Muhammad
245
_a
Payam-e-Mashriq
260
_a
_b
Sheikh Ghulam Ali
_c
1969
090
_c
17382
_d
17382
942
_a
NUST-CAE
_c
M
_c
8205
999
_c
260761
_d
260761